000 00539nam a2200193Ia 4500
999 _c10394
_d10394
003 OSt
005 20200101101154.0
008 190216s9999||||xx |||||||||||||| ||und||
020 _a8170143535
040 _coclc
082 _a338
_bSUN/B
100 _aSundharam, K P M
_9501
245 0 _aBusiness Economics /
_cK P M Sundharam ; E N Sundharam
250 _a4th ed.
260 _bSulthan Chand&Sons,
_c1999.
_aNew Delhi:
300 _a716p
650 _aEconomics
942 _cBK
_2ddc
_h338
_iSUN/B
_k338
_mSUN/B